Kecederaan dalam sukan : Dr. Abdul Hadi Abdullah
| Main Author: | |
|---|---|
| Format: | Book |
| Published: |
Kuala Lumpur :
Edu System ,
1986
|
| Subjects: |
MARC
| LEADER | 00000cam a2200000 7i4500 | ||
|---|---|---|---|
| 001 | 0000004258 | ||
| 005 | 20050425.0 | ||
| 020 | |a 9679060020 | ||
| 040 | |a INS | ||
| 090 | 0 | 0 | |a RD97. |b A1122 1986 |
| 100 | 1 | |a Abdul Hadi Abdullah |f Dr. | |
| 245 | 1 | 0 | |a Kecederaan dalam sukan : |b Dr. Abdul Hadi Abdullah |
| 260 | |a Kuala Lumpur : |b Edu System , |c 1986 | ||
| 300 | |a 87p. ; |c 18 cm. | ||
| 650 | 0 | 0 | |a Sports |x Accidents and injuries |
| 999 | |a 0000002971 |b BOOK |c Open Shelf |e Default branch | ||